000 00654nas a2200241 4500
001 BR9205188
003 BR-BrBNA
005 20231205092825.0
007 ta
008 230509b bl.|||p| |||| 00| 00por d
040 _aBR-BrBNA
_bpor
_cBiblioteca Nacional de Agricultura
041 _a(Pt)
072 _aQ52
100 1 _aOyakawa, N.
100 1 _aOrlandi, W.
100 1 _aValente Filho, O.L.
245 1 _aAguape na alimentacao
650 _aBARONEZA
650 _aINDUSTRIALIZACAO
773 0 _tAB - Alimentos e Bebidas (Brazil)
_x
_g(1968), v. 4(1) p. 20-21
_wBR9205188
909 _a202311
_bLúcia
_c55
_dLúcia Elande
942 _2AGRIS
_n0
_cANA
999 _c134477
_d134477